Ovoce a zelenina ve skle : 288 zavařovacích návodů a kuchařských předpisů /
Uložené v:
| Hlavný autor: | |
|---|---|
| Ďalší autori: | , |
| Médium: | Kniha |
| Jazyk: | Czech |
| Vydané: |
Praha :
Merkur,
1972.
|
| Vydanie: | 2. vyd. |
| ISBN: |
(brož.) |
| Fyzický popis: |
173 s. |
| Tagy: |
Pridať tag
Žiadne tagy, Buďte prvý kto otaguje tento záznam!
|
Titul je dostupný aj v ... 

MARC
| LEADER | 00000nam a22000001 4500 | ||
|---|---|---|---|
| 001 | 000423949 | ||
| 005 | 20130626164743.0 | ||
| 008 | 970502s1972 xr cze d | ||
| 020 | |a (brož.) | ||
| 040 | |a SVKKK |b slo |c SVKKK |e AACR2 | ||
| 041 | 0 | |a cze | |
| 044 | |a xr |c CZ | ||
| 100 | 1 | |a Havelková, Marie |4 aut | |
| 245 | 1 | 0 | |a Ovoce a zelenina ve skle : |b 288 zavařovacích návodů a kuchařských předpisů / |c Marie Havelková ; kresby: Břetislav Franc ; fot. Olga Davidová. |
| 250 | |a 2. vyd. | ||
| 260 | |a Praha : |b Merkur, |c 1972. | ||
| 300 | |a 173 s. | ||
| 700 | 1 | |a Franc, Břetislav |4 dln | |
| 700 | 1 | |a Davidová, Olga |4 pht | |
| 910 | |a svkkk | ||
| 998 | |a BK | ||
| 090 | |g SCKHL |k Sklad Hlavná 10 suterén |a I.40744 |j 480442 |i 423949-10 |s Vyradená | ||